000 01002nam a22002177a 4500
001 6660
003 FISKH
005 20250520153112.0
008 250519b cb ||||| |||| 00| 0 eng d
040 _aFISKH
_beng
_cFISKH
_dFISKH
082 _a900
100 _aTakeshi, Nakagawa
245 _aTemple for gods Bayon :
_bBayon information center /
_cNakagawa Takeshi
260 _aTokyo :
_bJapanese Government Team ,
_c2009.
300 _a65 pages :
_bcolor illustrations, maps ;
_c20*20 cm .
520 _a"Temple for Gods Bayon" is a captivating story that explores the rich history and cultural significance of the Bayon Temple, one of Cambodia's most iconic and revered monuments. The book delves into the architectural grandeur, intricate carvings, and spiritual symbolism of the Bayon, which is famous for its multitude of serene faces that symbolize compassion and wisdom.
650 _aTemples
_vNon-fiction
700 _aIchita, Shimoda
_eDirector
942 _2ddc
_cBK
_n0
999 _c6660
_d6660